Nguyên lý thiết kế kiến trúc dân dụng : Khái niệm kiến trúc và cơ sở sáng tác

Đã lưu trong:
书目详细资料
主要作者: Nguyễn, Đức Thiềm
格式: 图书
语言:Undetermined
出版: Hà Nội Xây dựng 2005
主题:
标签: 添加标签
没有标签, 成为第一个标记此记录!
Thư viện lưu trữ: Trung tâm Học liệu Trường Đại học Cần Thơ
LEADER 00643nam a2200205Ia 4500
001 CTU_101228
008 210402s9999 xx 000 0 und d
020 |c 62000 
082 |a 729 
082 |b Th304 
100 |a Nguyễn, Đức Thiềm 
245 0 |a Nguyên lý thiết kế kiến trúc dân dụng : 
245 0 |b Khái niệm kiến trúc và cơ sở sáng tác 
245 0 |c Nguyễn Đức Thiềm 
260 |a Hà Nội 
260 |b Xây dựng 
260 |c 2005 
650 |a Architecture,Building 
904 |i Vương 
980 |a Trung tâm Học liệu Trường Đại học Cần Thơ